| 000 | 00600nam a22002177a 4500 | ||
|---|---|---|---|
| 003 | OSt | ||
| 005 | 20140310183032.0 | ||
| 008 | 130218t xxu||||| |||| 00| 0 eng d | ||
| 020 | _a9789712353154 | ||
| 050 |
_aHF 1017 _b.C164 2009 |
||
| 082 |
_aFIL 519.5 _2C1 2009 |
||
| 245 |
_aStatistics with computer _cPaler-Calmorin, Laurentina; Calmorin-Pieda, Ma. Lauremelch |
||
| 260 |
_aManila _bRex Book Store _cc2009 |
||
| 300 |
_axi, 394 p. _c22 cm. |
||
| 521 | _acollege students | ||
| 526 | _c1210L-1700L | ||
| 541 | _j1 | ||
| 541 | _j2 | ||
| 562 | _e3 | ||
| 942 |
_2lcc _cBK _kFIL |
||
| 999 |
_c18447 _d18447 |
||